000 01588njm a2200325Ia 4500
001 20423
003 IT-RoPAU
005 20220918181142.0
008 131025s9999 xx 000 0 und d
040 _aIT-RoPAU
040 _cIT-RoPAU
041 _aITALIANO
999 _c101336
_d101336
999 _bn.d.
100 _aCelentano Adriano
_91546
100 _eAutore musica
_91547
100 _gCodice autore musica SPICS: 10821
_91548
245 _aMali del secolo (I) (Bfml-Lp 701)
250 _a1a ed.
260 _aMILANO
260 _bCLAN
_c1972 [1a Ed.:1972 - Ed. Lingua Orig.: 1972]
300 _aDISCO
300 _c39 minuti (Testo: pag.)
500 _aArrangiatori e direttori: Mariano Detto, Massara Natale, De Luca Nando. La versione in lingua Celenta di "Quel Signore del piano di sopra" è di Adriano-Celentano; quella in lingua italiana è di Adriano Celentano, Beretta e Del Prete. Cantautore. Ecologia. Problemi sociali: droga, matrimonio. Messaggio cristiano. Canzone italiana
505 _aL'albero di trenta piani - Forse eri meglio di lei - La Ballata di Pinocchio - Disse - La siringhetta - L'ultimo degli uccelli - Quel Signore del piano di sopra - Ready Teddy (4:00)
650 _aCANZONE ITALIAN [DISCHI]
_eCodice MATERIA SPICS: 9950
_91549
700 _aCelentano Adriano
_eAutore testo e musica
_gCodice autore testo/musica SPICS: 10821
_91550
700 _aMarascalco
_eAutore musica
_gCodice autore musica SPICS: 24499
_pReady Teddy
_91551
700 _aBlackswell D.
_eAutore testo/musica
_gCodice autore testo/musica SPICS: 24636
_pReady Teddy
_91552
942 _cMD
_2ddc